[Event "9th Amplico Life Rapid"]
[Site "Warsaw POL"]
[Date "2009.12.20"]
[Round "10"]
[White "Akesson,R"]
[Black "Przezdziecka,M"]
[Result "1/2-1/2"]
[WhiteElo "2454"]
[BlackElo "2250"]
[EventDate "2009.12.19"]

1. d4 Nf6 2. c4 g6 3. Nc3 d5 4. cxd5 Nxd5 5. Bd2 Bg7 6. e4 Nb6 7. Be3 O-O
8. h3 Nc6 9. Nf3 f5 10. exf5 Bxf5 11. Qb3+ Kh8 12. d5 Ne5 13. Nxe5 Bxe5 14.
Rd1 Qe8 15. Bd3 Qf7 16. Bxf5 gxf5 17. f4 Bf6 18. O-O Qg6 19. Rf2 Rg8 20.
Nb5 c6 21. dxc6 bxc6 22. Nc7 Rab8 23. Qd3 Na4 24. Bd4 Nxb2 25. Bxb2 Rxb2
26. Rxb2 Bxb2 27. Rd2 Bf6 28. Ne6 Be5 29. Qc4 Qg3 30. Re2 Bf6 31. Qxc6 Qxh3
32. Qd5 Qg4 33. Rd2 Qg3 34. Re2 Qg4 35. Rd2 Qg3 36. Re2 1/2-1/2

[Event "9th Amplico Life Rapid"]
[Site "Warsaw POL"]
[Date "2009.12.20"]
[Round "10"]
[White "Lind,JO"]
[Black "Socko,M"]
[Result "1/2-1/2"]
[WhiteElo "2209"]
[BlackElo "2457"]
[EventDate "2009.12.19"]

1. e4 c5 2. Nf3 Nc6 3. g3 g6 4. Bg2 Bg7 5. O-O e5 6. d3 Nge7 7. c3 O-O 8.
a3 d5 9. Nbd2 d4 10. c4 f5 11. exf5 gxf5 12. Re1 Ng6 13. h4 Qf6 14. b4 cxb4
15. axb4 Nxb4 16. Ba3 Nxd3 17. Bxf8 Nxe1 18. Bxg7 Nxf3+ 19. Nxf3 Kxg7 20.
Ra5 b6 21. Rd5 Be6 22. Rd6 Rd8 23. Rxd8 Qxd8 24. h5 Ne7 25. Nxe5 Qd6 26. f4
d3 27. Qa1 Kf8 28. h6 d2 29. Bf3 a5 30. Bh5 d1=R+ 31. Bxd1 Ke8 32. Bh5+ Kd8
33. Bf7 Kc7 34. Bxe6 Qxe6 35. Qa4 Nc6 36. Qb5 Nxe5 37. fxe5 Qxh6 38. Qd5
Qg7 39. Qd6+ Kb7 40. e6 Qc7 41. Qd5+ Ka7 42. Kg2 a4 43. c5 bxc5 44. Qd7 Kb6
45. Qf7 Qc6+ 46. Kh2 Qd5 47. Qf6 Qc6 48. Qf7 a3 49. e7 a2 50. Qxa2 Qe8 51.
Qe6+ Kc7 52. Qe5+ Kd7 53. Qxf5+ Kxe7 54. Qxc5+ Kf6 55. Qd4+ 1/2-1/2

[Event "9th Amplico Life Rapid"]
[Site "Warsaw POL"]
[Date "2009.12.20"]
[Round "10"]
[White "Mikrut,D"]
[Black "Dolgova,O"]
[Result "1-0"]
[WhiteElo "2400"]
[BlackElo "2226"]
[EventDate "2009.12.19"]

1. d4 Nf6 2. c4 c5 3. d5 e6 4. Nc3 exd5 5. cxd5 d6 6. e4 g6 7. h3 Bg7 8.
Nf3 O-O 9. Bd3 b5 10. Nxb5 Nxe4 11. Bxe4 Qa5+ 12. Nc3 Re8 13. O-O Bxc3 14.
bxc3 Rxe4 15. Ng5 Re8 16. Qf3 f5 17. Bf4 Nd7 18. Bxd6 Nf6 19. c4 Qa6 20.
Bxc5 Qxc4 21. d6 Bd7 22. Rfc1 Qa4 23. Qc3 Nd5 24. Qd2 Nf4 25. Be3 Ne6 26.
Nxe6 Rxe6 27. Rd1 Bc6 28. Qd4 Qxd4 29. Rxd4 Rd8 30. Bf4 Rd7 31. Rc1 1-0

[Event "9th Amplico Life Rapid"]
[Site "Warsaw POL"]
[Date "2009.12.20"]
[Round "10"]
[White "Tiviakov,S"]
[Black "Sergeev,Vl"]
[Result "1/2-1/2"]
[WhiteElo "2664"]
[BlackElo "2428"]
[EventDate "2009.12.19"]

1. e4 Nf6 2. e5 Nd5 3. d4 d6 4. Nf3 Nb6 5. c4 g6 6. Nc3 Bg7 7. exd6 cxd6 8.
Be3 O-O 9. Be2 Nc6 10. b3 d5 11. c5 Nd7 12. Rc1 Nxc5 13. dxc5 d4 14. Nxd4
Bxd4 15. Qd2 Bxe3 16. Qxe3 Qd4 17. Bf3 Qxe3+ 18. fxe3 Ne5 19. Ke2 Rb8 20.
Nd5 e6 21. Nf6+ Kg7 22. Ne4 b6 23. cxb6 Ba6+ 24. Kf2 Nd3+ 25. Kg3 axb6 26.
Rc7 Rb7 27. Rc3 Ra7 28. Rd1 Nb4 29. Nd6 Nxa2 30. Rc6 Rb8 31. Rd4 b5 32. Rc2
e5 33. Re4 Rd7 34. Nxf7 Bb7 35. Rh4 Rxf7 36. Bxb7 Rbxb7 37. Rxa2 Rfd7 38.
Re4 Rd3 39. b4 Rb3 40. Rc2 h5 41. Rc5 Kf6 42. Kf3 Rb6 43. h3 Rb2 44. g4
hxg4+ 45. hxg4 Kg7 46. Rcxe5 Rb7 47. Rf4 Rb3 48. g5 Rb2 49. Kg3 Rb3 50. Kg4
Rb2 51. Re6 Kh7 52. Kg3 Rb3 53. Rfe4 Kg7 54. Re7+ Rxe7 55. Rxe7+ Kf8 56.
Re4 Kf7 57. Kf4 Rb1 58. Rd4 Ke6 59. Re4+ Kd6 60. Re8 Rxb4+ 61. e4 Rb1 62.
Rg8 Rf1+ 63. Ke3 Re1+ 64. Kf3 Rf1+ 65. Kg2 Rb1 66. Rxg6+ Ke5 67. Rf6 b4 68.
Rf8 Ra1 69. Kg3 Kxe4 70. Kg4 Rg1+ 71. Kh5 Rh1+ 72. Kg6 Kd3 73. Rb8 Kc3 74.
Kg7 b3 75. g6 b2 76. Kf7 Rf1+ 77. Ke7 Re1+ 78. Kf7 Rf1+ 79. Ke7 b1=Q 80.
Rxb1 Rxb1 81. g7 Rg1 1/2-1/2

[Event "9th Amplico Life Rapid"]
[Site "Warsaw POL"]
[Date "2009.12.20"]
[Round "10"]
[White "Lubczynski,R"]
[Black "Hracek,Z"]
[Result "0-1"]
[WhiteElo "2428"]
[BlackElo "2624"]
[EventDate "2009.12.19"]

1. d4 Nf6 2. Nf3 e6 3. g3 b5 4. Bg2 d5 5. O-O Nbd7 6. Nbd2 Bb7 7. a4 b4 8.
c4 a5 9. c5 Be7 10. Qc2 Nb8 11. Ne5 Nc6 12. Nxc6 Bxc6 13. f4 Ne4 14. e3 f5
15. Nf3 Bf6 16. b3 O-O 17. Bb2 Be8 18. Ne1 Bh5 19. Nd3 h6 20. Kh1 c6 21.
Nf2 Ra7 22. Bxe4 fxe4 23. g4 Be8 24. Nh3 g5 25. Qg2 Rg7 26. f5 exf5 27.
Rxf5 Bd7 28. Rf2 Qc8 29. Raf1 Rgf7 30. Qg3 Bxg4 31. Ng1 Be7 32. h3 Rxf2 33.
Rxf2 Rxf2 34. Qxf2 Be6 35. Kg2 h5 36. Bc1 h4 37. Bd2 Qa6 38. Qf1 Qxf1+ 39.
Kxf1 Kg7 40. Kg2 Bd8 41. Be1 Bc7 42. Bf2 Bc8 43. Ne2 Ba6 44. Nc1 Kg6 45.
Be1 Kh5 46. Bf2 g4 47. Bg1 0-1

[Event "9th Amplico Life Rapid"]
[Site "Warsaw POL"]
[Date "2009.12.20"]
[Round "10"]
[White "Macieja,B"]
[Black "Rutkowski,M"]
[Result "1/2-1/2"]
[WhiteElo "2627"]
[BlackElo "2405"]
[EventDate "2009.12.19"]

1. e4 c5 2. Nf3 g6 3. d4 cxd4 4. Nxd4 Bg7 5. c4 Nc6 6. Be3 d6 7. Nc3 Nf6 8.
Be2 O-O 9. O-O Nxd4 10. Bxd4 Be6 11. Rc1 Qa5 12. f3 Rfc8 13. b3 a6 14. Qd3
Rab8 15. Ba7 Ra8 16. Be3 Nd7 17. Qd2 b5 18. Nd5 Qxd2 19. Bxd2 Bxd5 20. cxd5
Bb2 21. Rxc8+ Rxc8 22. Bd3 Bd4+ 23. Kh1 Ne5 24. Bb1 Kg7 25. Rc1 Rxc1+ 26.
Bxc1 h6 27. f4 Ng4 28. g3 Ne3 29. Bd3 g5 30. a4 bxa4 31. bxa4 a5 32. Bd2
gxf4 33. gxf4 Bb6 34. h3 f5 35. Kh2 fxe4 36. Bc3+ Kf7 37. Bxe4 Nd1 38. Bh8
Bc5 39. Bf3 Ne3 40. Kg3 Bd4 41. Bxd4 Nf5+ 42. Kf2 Nxd4 43. Ke3 Nxf3 44.
Kxf3 1/2-1/2

[Event "9th Amplico Life Rapid"]
[Site "Warsaw POL"]
[Date "2009.12.20"]
[Round "10"]
[White "Manik,M"]
[Black "Muzychuk,A"]
[Result "1/2-1/2"]
[WhiteElo "2435"]
[BlackElo "2532"]
[EventDate "2009.12.19"]

1. e4 c5 2. Nf3 e6 3. d4 cxd4 4. Nxd4 a6 5. Bd3 Bc5 6. Nb3 Ba7 7. Nc3 Nc6
8. Qe2 d6 9. O-O Nge7 10. Be3 b5 11. Rad1 O-O 12. a3 e5 13. Bxa7 Rxa7 14.
Qe3 Be6 15. Nd5 Qb8 16. c4 Rb7 17. Rd2 Rd8 18. Rfd1 h6 19. Be2 Kh8 20. g3
Rbd7 21. Nb6 Rb7 22. Nd5 Rbd7 23. Nb6 Rb7 24. Nd5 Rbd7 1/2-1/2

[Event "9th Amplico Life Rapid"]
[Site "Warsaw POL"]
[Date "2009.12.20"]
[Round "10"]
[White "Kempinski,R"]
[Black "Sakalauskas,V"]
[Result "1-0"]
[WhiteElo "2617"]
[BlackElo "2418"]
[EventDate "2009.12.19"]

1. d4 Nf6 2. c4 g6 3. g3 Bg7 4. Bg2 d5 5. cxd5 Nxd5 6. e4 Nb6 7. Ne2 O-O 8.
O-O e5 9. d5 c6 10. Nbc3 cxd5 11. exd5 Na6 12. b3 Bf5 13. Ba3 Re8 14. Rc1
Qd7 15. Qd2 Rac8 16. Rfd1 Nc5 17. Qe3 Na6 18. d6 Be6 19. Qf3 Bh6 20. Ne4
Bg7 21. Nf6+ Bxf6 22. Qxf6 Bg4 23. f3 Qf5 24. Qxf5 Bxf5 25. Nc3 Nb8 26. g4
Be6 27. Nb5 Nc6 28. d7 Bxd7 29. Nd6 Be6 30. Bb2 Nd5 31. Nxc8 Rxc8 32. Bxe5
Ndb4 33. Rd2 Nxe5 34. Rxc8+ Bxc8 35. Rd8+ Kg7 36. Rxc8 Nxa2 37. Rc7 b5 38.
f4 Nxg4 39. Bd5 Nh6 40. Rxa7 Nc3 41. Bf3 Nf5 42. Rc7 b4 43. Rc4 Na2 44. Kf2
Nd6 45. Rc6 Nf5 46. Rc7 Nd4 47. Bd5 Nc3 48. Rxf7+ Kh6 49. Bc4 Nf5 50. Rb7
Na2 51. Bg8 Ng7 52. Kf3 Nc1 53. Rxb4 g5 54. fxg5+ Kxg5 55. Bxh7 1-0

[Event "9th Amplico Life Rapid"]
[Site "Warsaw POL"]
[Date "2009.12.20"]
[Round "10"]
[White "Vidarte Morales,A"]
[Black "Moranda,W"]
[Result "1-0"]
[WhiteElo "2423"]
[BlackElo "2579"]
[EventDate "2009.12.19"]

1. c4 c5 2. Nf3 Nc6 3. Nc3 g6 4. e3 Bg7 5. d4 d6 6. d5 Na5 7. e4 Nf6 8. h3
O-O 9. Bd3 e5 10. Bg5 h6 11. Bd2 a6 12. O-O Bd7 13. Re1 Rb8 14. Rb1 b6 15.
b3 Nh5 16. a3 Qe8 17. b4 Nb7 18. Bc2 f5 19. Na4 fxe4 20. Rxe4 Bxa4 21. Bxa4
b5 22. cxb5 axb5 23. Bc2 c4 24. a4 Nf6 25. Re1 bxa4 26. Nh4 e4 27. Qe2 a3
28. Qxc4 Qf7 29. Bb3 Nd7 30. Be3 g5 31. Qxe4 gxh4 32. Qxh4 Ne5 33. Bc2 Rfc8
34. Qe4 a2 35. Qh7+ Kf8 36. Rbd1 Ra8 37. Bf5 Rc7 38. Be6 Qg6 39. Qg8+ Ke7
40. Qxa8 Nf3+ 41. Kh1 Nxe1 42. Rxe1 Qb1 43. Bc1 Qxc1 44. Rxc1 Rxc1+ 45. Kh2
Rh1+ 46. Kg3 Be5+ 47. Kg4 Nd8 48. Qxa2 Rd1 49. Qa7+ Kf6 50. Qd7 Rd4+ 51.
Kf3 Nxe6 52. dxe6 1-0

[Event "9th Amplico Life Rapid"]
[Site "Warsaw POL"]
[Date "2009.12.20"]
[Round "10"]
[White "Kuzmicz,K"]
[Black "Mista,A"]
[Result "0-1"]
[WhiteElo "2417"]
[BlackElo "2563"]
[EventDate "2009.12.19"]

1. g3 g6 2. Bg2 Bg7 3. e4 c5 4. Ne2 Nc6 5. c3 e5 6. d3 d6 7. O-O f5 8. Be3
Nf6 9. h3 O-O 10. exf5 gxf5 11. d4 cxd4 12. cxd4 Kh8 13. Nbc3 Bd7 14. Nb5
Ne8 15. dxe5 dxe5 16. Bc5 Rf6 17. f4 e4 18. Qd2 Qa5 19. Qxa5 Nxa5 20. Nbc3
Rg6 21. Rfd1 Be6 22. Nd4 b6 23. Nxe6 bxc5 24. Nxg7 Rxg7 25. Kf2 Nf6 26. Rd6
Nh5 27. Rad1 Rag8 28. Rd8 e3+ 29. Ke1 Rxg3 30. Bd5 Rg1+ 31. Ke2 Nxf4+ 0-1

[Event "9th Amplico Life Rapid"]
[Site "Warsaw POL"]
[Date "2009.12.20"]
[Round "10"]
[White "Olszewski,Mi"]
[Black "Beinoras,M"]
[Result "1-0"]
[WhiteElo "2541"]
[BlackElo "2384"]
[EventDate "2009.12.19"]

1. d4 d5 2. c4 c6 3. Nf3 Nf6 4. Nc3 e6 5. g3 Nbd7 6. Bg2 Be7 7. O-O O-O 8.
Bf4 dxc4 9. e4 Qa5 10. a4 Nh5 11. Be3 Nhf6 12. Qe2 e5 13. Rfd1 exd4 14.
Bxd4 Nc5 15. e5 Nd5 16. Nd2 Nb4 17. Nxc4 Qa6 18. Bxc5 Bxc5 19. Bf1 Be6 20.
Qe4 Rad8 21. a5 Rxd1 22. Rxd1 b5 23. axb6 axb6 24. Nd6 b5 25. Qh4 Qb6 26.
Nce4 Bxd6 27. Rxd6 Bd5 28. Nf6+ gxf6 29. exf6 Kh8 30. Qxb4 Re8 31. Rd7 Qb8
32. Re7 Rxe7 33. fxe7 Kg7 34. Qg4+ Kf6 35. Qd7 1-0

[Event "9th Amplico Life Rapid"]
[Site "Warsaw POL"]
[Date "2009.12.20"]
[Round "10"]
[White "Michna,Mart"]
[Black "Heberla,B"]
[Result "0-1"]
[WhiteElo "2366"]
[BlackElo "2515"]
[EventDate "2009.12.19"]

1. d4 Nf6 2. Nf3 d5 3. e3 c5 4. Nbd2 Nc6 5. a3 cxd4 6. exd4 Bf5 7. Nb3 e6
8. Bd3 Bxd3 9. Qxd3 Bd6 10. Bg5 Qb6 11. O-O Ne4 12. Rad1 Nxg5 13. Nxg5 h6
14. Qh3 Nd8 15. Rfe1 O-O 16. Nf3 Rc8 17. Re2 a5 18. g4 f6 19. Nc5 Bxc5 20.
dxc5 Rxc5 21. Nd4 e5 22. Nf5 Kh7 23. g5 fxg5 24. Rxe5 Rxc2 25. Rf1 Qg6 26.
Ne7 Qa6 27. Rxd5 Ne6 28. Rf5 Nf4 29. Qb3 Qxf1+ 0-1

[Event "9th Amplico Life Rapid"]
[Site "Warsaw POL"]
[Date "2009.12.20"]
[Round "10"]
[White "Jakubowski,K"]
[Black "Markowski,T"]
[Result "0-1"]
[WhiteElo "2502"]
[BlackElo "2629"]
[EventDate "2009.12.19"]

1. e4 d6 2. f4 Nf6 3. Nc3 g6 4. d4 Bg7 5. Nf3 O-O 6. Be3 c6 7. Bd3 Na6 8.
O-O Ng4 9. Bd2 c5 10. dxc5 Nxc5 11. Qe2 b6 12. Kh1 Bb7 13. Rae1 Rc8 14. h3
Nf6 15. g4 b5 16. b4 Nxd3 17. cxd3 Qd7 18. f5 e6 19. Nd1 exf5 20. gxf5 Rc2
21. Rg1 Re8 22. Qf2 Rxa2 23. Qh4 d5 24. fxg6 hxg6 25. Bc3 dxe4 26. Bxf6
exf3 27. Nf2 Rxe1 28. Rxe1 Bxf6 0-1

[Event "9th Amplico Life Rapid"]
[Site "Warsaw POL"]
[Date "2009.12.20"]
[Round "10"]
[White "Warakomski,T"]
[Black "Chojnacki,S"]
[Result "1-0"]
[WhiteElo "2485"]
[BlackElo "2273"]
[EventDate "2009.12.19"]

1. e4 c6 2. d4 d5 3. Nd2 dxe4 4. Nxe4 Bf5 5. Ng3 Bg6 6. Bc4 e6 7. h4 h6 8.
N1e2 Bd6 9. Nf4 Bxf4 10. Bxf4 Nf6 11. Qe2 Qa5+ 12. Bd2 Qc7 13. O-O-O Nbd7
14. h5 Bh7 15. Rh4 O-O-O 16. Bf4 Qa5 17. f3 Nd5 18. Bd2 Qc7 19. Ne4 N7f6
20. Bb3 Qe7 21. g3 Nxe4 22. fxe4 Nf6 23. Ba5 Rd7 24. a3 b6 25. Bb4 Qd8 26.
e5 Nd5 27. Qa6+ Kb8 28. Bd6+ Ka8 29. Ba4 Qc8 30. Qe2 Ne7 31. Qf3 Kb7 32. g4
a6 33. c4 b5 34. cxb5 axb5 35. Bxb5 Nd5 36. Bd3 Qd8 37. Rh2 Qg5+ 38. Kb1
Qe3 39. Rh3 Qxf3 40. Rxf3 Bxd3+ 41. Rfxd3 f5 42. gxf5 exf5 43. Rc1 Rc8 44.
Rc4 Rxd6 45. exd6 Rd8 46. Rb3+ 1-0

[Event "9th Amplico Life Rapid"]
[Site "Warsaw POL"]
[Date "2009.12.20"]
[Round "10"]
[White "Azarov,S"]
[Black "Likavsky,T"]
[Result "0-1"]
[WhiteElo "2622"]
[BlackElo "2476"]
[EventDate "2009.12.19"]

1. e4 c5 2. Nf3 d6 3. d4 Nf6 4. Nc3 Nc6 5. Bc4 e6 6. Be3 cxd4 7. Nxd4 a6 8.
Bb3 Na5 9. Qe2 b5 10. O-O-O b4 11. Na4 Nxe4 12. Rhe1 d5 13. f3 Nf6 14. Nf5
Nxb3+ 15. axb3 exf5 16. Bb6+ Qe7 17. Qd3 Be6 18. Bd4 Nd7 19. g4 Qg5+ 20.
Kb1 fxg4 21. fxg4 Be7 22. h4 Qg6 23. Qd2 Bxh4 24. Qxb4 Bxe1 25. Rxe1 Rc8
26. Nc3 Qg5 27. Qd6 Qe7 28. Qh2 Nf6 29. Bxf6 Qxf6 30. Nxd5 Qd8 31. Nf4 O-O
0-1

[Event "9th Amplico Life Rapid"]
[Site "Warsaw POL"]
[Date "2009.12.20"]
[Round "10"]
[White "Rozentalis,E"]
[Black "Tomczak,J"]
[Result "1/2-1/2"]
[WhiteElo "2611"]
[BlackElo "2500"]
[EventDate "2009.12.19"]

1. e4 d5 2. exd5 Qxd5 3. Nc3 Qa5 4. g3 Nc6 5. Bg2 Nf6 6. h3 Bf5 7. d3 e5 8.
Bd2 Qc5 9. Nf3 Be7 10. O-O O-O 11. Re1 Rfe8 12. a3 Bf8 13. Bg5 Rad8 14. Nh4
Bg6 15. Bxf6 gxf6 16. Ne4 Qe7 17. g4 Nd4 18. c3 Ne6 19. Nf5 Bxf5 20. gxf5
Nf4 21. Re3 Kh8 22. Rg3 Bh6 23. Bf1 Rg8 24. Qf3 Qd7 25. Nxf6 Rxg3+ 26. fxg3
Qxf5 27. Ng4 Nxh3+ 28. Kg2 Qxf3+ 29. Kxf3 Bg7 30. Bg2 f5 31. Ne3 f4 32. Nf5
Ng5+ 33. Ke2 f3+ 34. Bxf3 Nxf3 35. Kxf3 Rxd3+ 36. Ke2 e4 37. Rh1 Bf6 38.
Rh6 Bg5 39. Re6 Rd2+ 40. Ke1 Kg8 41. Rxe4 Rxb2 42. Rg4 h6 43. Nxh6+ Kg7 44.
Rxg5+ Kxh6 45. Ra5 a6 46. Rc5 c6 47. a4 Rg2 48. Re5 Rxg3 49. Kd2 Rg7 50.
Kd3 Kg6 51. Kc4 Kf6 52. Re4 Rg5 53. Re8 Rg4+ 54. Kb3 Rg1 55. Kb4 Rg4+ 56.
Kb3 a5 57. Rb8 Rg1 58. Kc4 Rb1 59. Re8 b5+ 60. axb5 cxb5+ 61. Kc5 a4 62.
Ra8 Rb3 1/2-1/2

[Event "9th Amplico Life Rapid"]
[Site "Warsaw POL"]
[Date "2009.12.20"]
[Round "10"]
[White "Leniart,A"]
[Black "Ruckschloss,K"]
[Result "1/2-1/2"]
[WhiteElo "2439"]
[BlackElo "2249"]
[EventDate "2009.12.19"]

1. e4 e6 2. d4 d5 3. Nc3 Nf6 4. e5 Nfd7 5. f4 c5 6. Nf3 Nc6 7. Be3 a6 8.
Qd2 b5 9. dxc5 Nxc5 10. a3 Bb7 11. Nd4 Nxd4 12. Bxd4 Ne4 13. Nxe4 dxe4 14.
Qe3 Qd5 15. g3 Rd8 16. c3 Qb3 17. Bg2 Qxb2 18. O-O Be7 19. Bxe4 Bxe4 20.
Qxe4 O-O 21. Rfb1 Qd2 22. Rd1 Qb2 23. Qb7 Rfe8 24. Qxa6 Rd5 25. Rdb1 Qc2
26. Rc1 Qd2 27. Rd1 Qb2 28. Rab1 Qxa3 29. Qxa3 Bxa3 30. Kf2 Red8 31. Ke3
Bc5 32. Rxb5 g6 33. Ke4 Kg7 34. Rdb1 Bxd4 35. Rxd5 Rxd5 36. cxd4 h5 37. h3
Ra5 38. g4 Ra3 39. gxh5 gxh5 40. f5 exf5+ 41. Kxf5 Rxh3 42. d5 Rf3+ 43. Ke4
Rf2 44. Ke3 Rf5 45. Kd4 Kf8 46. d6 Ke8 47. Rb8+ Kd7 48. Rb7+ Kd8 49. Kd5
Rf1 50. Rb4 Kd7 51. Rh4 Rd1+ 52. Ke4 Ke6 53. Rxh5 f6 54. exf6 Rxd6 55. Rh6
Kf7 56. Ke5 Ra6 57. Rh7+ Kf8 58. Rb7 Ra1 59. Ke6 Re1+ 1/2-1/2

[Event "9th Amplico Life Rapid"]
[Site "Warsaw POL"]
[Date "2009.12.20"]
[Round "10"]
[White "Dziuba,M"]
[Black "Pileckis,E"]
[Result "1-0"]
[WhiteElo "2573"]
[BlackElo "2438"]
[EventDate "2009.12.19"]

1. d4 Nf6 2. c4 e6 3. Nf3 b6 4. g3 Ba6 5. Qc2 Bb7 6. Bg2 c5 7. d5 exd5 8.
cxd5 Bxd5 9. Nc3 Be6 10. Ne5 d5 11. Bg5 Be7 12. Rd1 a6 13. O-O O-O 14. f4
Ra7 15. f5 Bd7 16. Nxd7 Rxd7 17. Bxf6 Bxf6 18. Nxd5 Rd6 19. Kh1 Nd7 20. Qd3
Be5 21. Qxa6 Bxb2 22. a4 Be5 23. Ne3 Nf6 24. Rxd6 Bxd6 25. Qb7 Bc7 26. Bf3
h5 27. Kg2 h4 28. Nc4 Qe7 29. Rb1 Rb8 30. Qc6 hxg3 31. hxg3 Ne8 32. Rh1 Qg5
33. Rh3 Qf6 34. Qe4 Nd6 35. Nxd6 Bxd6 36. Qg4 Kf8 37. Bd5 Qe5 38. Bc4 Re8
39. Rh8+ Ke7 40. Qh4+ Qf6 41. Qe4+ Qe5 42. Qb7+ Kf6 43. Qxf7+ 1-0

[Event "9th Amplico Life Rapid"]
[Site "Warsaw POL"]
[Date "2009.12.20"]
[Round "10"]
[White "Stupak,K"]
[Black "Vysochin,S"]
[Result "1/2-1/2"]
[WhiteElo "2456"]
[BlackElo "2555"]
[EventDate "2009.12.19"]

1. d4 d5 2. Nf3 Nf6 3. c4 c6 4. Nc3 a6 5. a4 e6 6. g3 c5 7. cxd5 cxd4 8.
Nxd4 Nxd5 9. Nc2 Nc6 10. Nxd5 exd5 11. Bg2 Be6 12. O-O Bc5 13. Be3 Bxe3 14.
Nxe3 d4 15. Nc2 Bd5 16. Bxd5 Qxd5 17. e3 O-O-O 18. Nxd4 1/2-1/2

[Event "9th Amplico Life Rapid"]
[Site "Warsaw POL"]
[Date "2009.12.20"]
[Round "10"]
[White "Czarnota,P"]
[Black "Nguyen,P"]
[Result "1/2-1/2"]
[WhiteElo "2528"]
[BlackElo "2353"]
[EventDate "2009.12.19"]

1. e4 c5 2. Nf3 g6 3. d4 cxd4 4. Qxd4 Nf6 5. e5 Nc6 6. Qe3 Ng4 7. Qe4 Ngxe5
8. Nxe5 Qa5+ 9. Bd2 Qxe5 10. Qxe5 Nxe5 11. Bc3 f6 12. Bxe5 fxe5 13. Nc3 Rb8
14. O-O-O Bh6+ 15. Kb1 O-O 16. f3 Kg7 17. Bd3 d6 18. Be4 Bf5 19. Rhe1 Bxe4
20. Rxe4 Rbd8 21. a4 Bf4 22. Nd5 Rd7 23. h3 h5 24. c4 b6 1/2-1/2

[Event "9th Amplico Life Rapid"]
[Site "Warsaw POL"]
[Date "2009.12.20"]
[Round "10"]
[White "Setkauskas,V"]
[Black "Zherebukh,Y"]
[Result "1/2-1/2"]
[WhiteElo "2196"]
[BlackElo "2527"]
[EventDate "2009.12.19"]

1. e4 c5 2. Nf3 d6 3. d4 cxd4 4. Nxd4 Nf6 5. Nc3 a6 6. Bg5 e6 7. f4 Nc6 8.
Nxc6 bxc6 9. e5 h6 10. Bh4 g5 11. fxg5 Nd5 12. Nxd5 cxd5 13. Qh5 hxg5 14.
Qxh8 gxh4 15. exd6 Qg5 16. Bd3 e5 17. Be2 Be6 18. Qh5 Qf4 19. c3 h3 20. Rf1
hxg2 21. Rxf4 g1=Q+ 22. Rf1 Qe3 23. Rf3 Qe4 24. d7+ Kxd7 25. O-O-O Be7 26.
Bd3 Qg4 27. Qxg4 Bxg4 28. Rxf7 Bxd1 29. Kxd1 Rh8 30. Rf2 a5 31. Kc2 e4 32.
Bb5+ Ke6 33. Bc6 Bd6 34. c4 dxc4 35. Bxe4 Bxh2 36. Kc3 Be5+ 37. Kxc4 Rb8
38. Bf5+ Ke7 39. b3 Rd8 40. Kb5 Rd5+ 41. Kc6 Rd6+ 42. Kb5 Rd5+ 43. Kc6 Rd6+
44. Kb5 1/2-1/2

[Event "9th Amplico Life Rapid"]
[Site "Warsaw POL"]
[Date "2009.12.20"]
[Round "10"]
[White "Wandzik,W"]
[Black "Vovk,A"]
[Result "0-1"]
[WhiteElo "2092"]
[BlackElo "2512"]
[EventDate "2009.12.19"]

1. e4 c5 2. Nf3 e6 3. d4 cxd4 4. Nxd4 a6 5. Bd3 Bc5 6. Nb3 Ba7 7. O-O d6 8.
Qe2 Nc6 9. Be3 Nge7 10. Nc3 b5 11. Rad1 O-O 12. Kh1 b4 13. Nb1 Bxe3 14.
Qxe3 Qc7 15. N1d2 a5 16. Rc1 e5 17. Nc4 Be6 18. c3 a4 19. Nbd2 bxc3 20.
bxc3 Rab8 21. Qe2 d5 22. exd5 Nxd5 23. Be4 f5 24. Bxd5 Bxd5 25. Nf3 Rbe8
26. Ne3 Bxf3 27. Qxf3 e4 28. Qe2 Ne5 29. Rb1 Qf7 30. Nc2 Qxa2 31. Ra1 Qb2
32. Rfb1 Qxc3 33. Rxa4 Rd8 34. Ne3 Rd2 35. Qb5 f4 36. Nd5 Qc2 37. Ne7+ Kh8
38. Raa1 Nd3 39. Qf5 Re8 40. Qf7 Nxf2+ 41. Kg1 Red8 42. Nf5 Qc3 43. Rc1 Qe5
44. Ra5 Rd1+ 45. Kxf2 Qb2+ 0-1

[Event "9th Amplico Life Rapid"]
[Site "Warsaw POL"]
[Date "2009.12.20"]
[Round "10"]
[White "Grabarczyk,M"]
[Black "Janaszak,Daw"]
[Result "1-0"]
[WhiteElo "2475"]
[BlackElo "2310"]
[EventDate "2009.12.19"]

1. d4 Nf6 2. c4 g6 3. Nf3 Bg7 4. g3 O-O 5. Bg2 d5 6. cxd5 Nxd5 7. O-O c5 8.
dxc5 Na6 9. Ng5 Ndb4 10. a3 Nc6 11. Nc3 Nxc5 12. Be3 Nd4 13. b4 Nce6 14.
Rc1 Nxg5 15. Bxg5 h6 16. Be3 e5 17. Ne4 Bg4 18. Bxd4 exd4 19. Nc5 b6 20.
Bxa8 Qxa8 21. Nd3 Bh3 22. Nf4 Bxf1 23. Qxf1 Rc8 24. Rxc8+ Qxc8 25. Qd1 a5
26. Qa4 axb4 27. axb4 Qc4 28. Qe8+ Kh7 29. b5 g5 30. Nd3 Qd5 31. Qc6 Qd8
32. Qe4+ Kg8 33. Nb4 Qd6 34. Nd5 Qc5 35. Qe8+ Bf8 36. Qc6 Qa3 37. Qxb6 d3
38. exd3 Qxd3 39. Qc6 Qb1+ 40. Kg2 Qe4+ 41. f3 Qe2+ 42. Kh3 h5 43. Nf6+ Kh8
44. Nxh5 Be7 45. Qe8+ Bf8 1-0

[Event "9th Amplico Life Rapid"]
[Site "Warsaw POL"]
[Date "2009.12.20"]
[Round "10"]
[White "Drozdowski,K"]
[Black "Szelag,M"]
[Result "0-1"]
[WhiteElo "2198"]
[BlackElo "2456"]
[EventDate "2009.12.19"]

1. e4 e6 2. d4 d5 3. Nc3 Bb4 4. Nge2 dxe4 5. a3 Be7 6. Nxe4 Nc6 7. Be3 Nf6
8. N2g3 Nd5 9. Nc3 Nxe3 10. fxe3 O-O 11. Bd3 Bg5 12. Qe2 f5 13. O-O g6 14.
Rae1 e5 15. Nd5 exd4 16. exd4 Nxd4 17. Qe5 Nc6 18. Qc3 Bf6 19. Nxf6+ Qxf6
20. Bc4+ Kg7 21. Ne4 Qxc3 22. Nxc3 Bd7 23. Rd1 Rad8 24. Rfe1 Bc8 25. Nb5
Rxd1 26. Rxd1 Ne5 27. Bb3 c6 28. Nd6 b6 29. Nxc8 Rxc8 30. Rd6 Re8 31. h3 c5
32. Bd5 Re7 33. Rd8 Nd7 34. Rg8+ Kf6 35. Ra8 Ke5 36. Bf3 Nf6 37. a4 Rd7 38.
c3 Kf4 39. Kh2 Ne4 40. Rb8 g5 41. a5 bxa5 42. Rb5 a4 43. Ra5 Rb7 44. Rxa4
Rxb2 45. Rxa7 Nxc3 46. Rxh7 Ne4 47. Rc7 Nd2 48. Be2 Nb3 49. Bd3 Rd2 50. Bf1
Ke3 51. Rg7 Kf4 52. Rc7 Rc2 53. Bd3 Rc3 54. Bf1 Nd2 55. Be2 c4 56. Rc5 Rc2
57. Rc8 c3 58. Rc7 Rc1 59. Bd3 Ke3 60. Bb5 Ne4 61. g3 Rc2+ 62. Kg1 Nxg3 63.
Ba4 Rc1+ 64. Kg2 Ne4 65. Rf7 Ra1 66. Bb3 Rb1 67. Ba4 f4 68. Kh2 Rb4 69. Bd1
Rd4 70. Bb3 c2 71. Rc7 Rd2+ 72. Kg1 Rd1+ 73. Kh2 c1=Q 0-1

[Event "9th Amplico Life Rapid"]
[Site "Warsaw POL"]
[Date "2009.12.20"]
[Round "10"]
[White "Gajewski,G"]
[Black "Kolosowski,M"]
[Result "1/2-1/2"]
[WhiteElo "2561"]
[BlackElo "2273"]
[EventDate "2009.12.19"]

1. d4 Nf6 2. c4 g6 3. Nc3 d5 4. Bd2 Bg7 5. cxd5 Nxd5 6. e4 Nb6 7. Be3 O-O
8. f4 Nc6 9. d5 Nb8 10. a4 e5 11. f5 gxf5 12. a5 N6d7 13. exf5 Qh4+ 14. g3
Qb4 15. Qc2 Nc5 16. Nge2 e4 17. Bxc5 Qxc5 18. Qxe4 Nd7 19. Bh3 Ne5 20. Rf1
Re8 21. Rf4 Bd7 22. Kf1 Ng4 23. Rxg4 Rxe4 24. Nxe4 Qc2 25. Nf6+ Kh8 26.
Nxd7 Qxf5+ 27. Nf4 Qxd7 28. Rd1 Qb5+ 29. Kg1 Re8 30. Bg2 Qxb2 31. h4 Bd4+
32. Kh1 Rg8 33. Rxg8+ Kxg8 34. Re1 Qf2 35. Kh2 Kg7 36. Re8 Bf6 37. Re1 Qb2
38. Kh3 Qd4 39. Re4 Qc3 40. Re8 Be5 41. Ne2 Qe3 42. Nf4 Qd4 43. Nh5+ Kh6
44. Rg8 Qd1 45. Rg5 Qxh5 46. Rxh5+ Kxh5 47. d6 Bxd6 48. Bxb7 c5 49. Be4 Kh6
50. Bd3 Kg7 51. g4 h6 52. g5 h5 53. Kg2 Be7 54. Be2 f6 55. Bxh5 fxg5 56.
hxg5 Bxg5 57. Kf3 Kf6 58. Ke4 Ke6 59. Be2 1/2-1/2

[Event "9th Amplico Life Rapid"]
[Site "Warsaw POL"]
[Date "2009.12.20"]
[Round "10"]
[White "Neiksans,A"]
[Black "Paterek,M"]
[Result "1-0"]
[WhiteElo "2487"]
[BlackElo "2272"]
[EventDate "2009.12.19"]

1. e4 c6 2. d4 d5 3. Nc3 dxe4 4. Nxe4 Nd7 5. Bc4 Ngf6 6. Ng5 e6 7. Qe2 Nb6
8. Bd3 h6 9. N5f3 c5 10. dxc5 Bxc5 11. Ne5 Nbd7 12. Ngf3 Qc7 13. O-O Bd6
14. Re1 O-O 15. Bf4 a6 16. Rad1 Nd5 17. Bg3 b5 18. Nxf7 Rxf7 19. Qxe6 Bxg3
20. Qxd5 Bb7 21. Bh7+ Kf8 22. Qb3 Bxf3 23. gxf3 Bxh2+ 24. Kg2 Rd8 25. Qa3+
Nc5 26. Rxd8+ Qxd8 27. Qxc5+ Bd6 28. Qc6 g6 29. Re6 Rf6 30. Rxf6+ Qxf6 31.
Qc8+ Ke7 32. Qg4 Kf7 33. Qd7+ Qe7 34. Qc8 Qf8 35. Qb7+ Be7 36. Qxa6 Qg7 37.
Qxb5 Qxh7 38. a4 g5 39. Qd5+ Kf8 40. Qc6 Qg7 41. c3 h5 42. a5 Qe5 43. Qh6+
Kg8 44. Qg6+ Kf8 45. a6 Qa5 46. b4 Qa4 47. Qb6 g4 48. fxg4 hxg4 49. a7 Kf7
50. Qb7 1-0